00886nam a2200241Ia 4500001000600000003000900006008004100015040001300056040001300069041001300082100002700095100002900122245001700151245001700168250001100185260001100196260001500207260004900222300005700271500025700328650002800585650003100613B9046IT-RoPAU130308s9999 xx 000 0 und d aIT-RoPAU cIT-RoPAU aITALIANO aCappabianca Alessandro gCodice Aut. SPICS: 8481 aBilly Wilder bBilly Wilder a1a ed. aMILANO bIl Castoro c1995 [1° Ed.:1995 - Ed.Ling.Originale:1995] a"126 p. (prefazione: no ; testo: 126 [pagine: 0-0])" aMonografia Sul Regista. Dichiarazioni. La Vita privata di Billy Wilder. Gli Inizi. Il Periodo Brackett dal 1942 al 1950. Intermezzi vari dal 1951 al 1957. Il Periodo Diamond dal 1957. Fedora. Buddy Buddy. Filmografia: Sceneggiature, Regie. Videografia. aAUTORI/OPERE DEL CINEMA eCodice materia Spics: 6807